000 01640cam a22003138a 4500
001 15635207
005 20090224103212.0
008 090223s2009 enk 000 0 eng
010 _a 2009007017
020 _a0273717901
020 _a9780273717904
040 _aDLC
_cDLC
050 0 0 _aHB172.5
_b.G365 2009
082 0 0 _a339
_222
_bGAR
100 1 _aGartner, Manfred.
_98841
245 1 0 _aMacroeconomics /
_cManfred Gartner.
250 _a3rd ed.
260 _aHarlow, England ;
_aNew York :
_bPrentice Hall Financial Times, 2009
_c2009.
300 _axxii, 544p. :
_bill.;
_c24cm.
504 _aIncludes bibliographical references and index.
650 0 _aMacroeconomics.
_98842
942 _2ddc
_cBB
999 _c12787
_d12787